Etiquetas de la Casa de Austria / (Registro nro. 132194)

Detalles MARC
000 -LEADER
campo de control de longitud fija 00733nam a2200217 i 4500
001 - NÚMERO DE CONTROL
campo de control 132194
003 - IDENTIFICADOR DE NÚMERO DE CONTROL
campo de control ES-MaACL
005 - FECHA Y HORA DE LA ÚLTIMA TRANSACCIÓN
campo de control 20250907063109.0
007 - CAMPO FIJO DE DESCRIPCIÓN FÍSICA--INFORMACIÓN GENERAL
campo de control de longitud fija t|
008 - DATOS DE LONGITUD FIJA--INFORMACIÓN GENERAL
campo de control de longitud fija 070214s1913 sp r ||||1| spa d
100 1# - ENTRADA PRINCIPAL--NOMBRE DE PERSONA
Nombre de persona Rodríguez Villa, Antonio,
Fechas asociadas al nombre 1843-1912
9 (RLIN) 98860
245 10 - MENCIÓN DEL TÍTULO
Título Etiquetas de la Casa de Austria /
Mención de responsabilidad, etc. por D. Antonio Rodríguez Villa.
260 ## - PUBLICACIÓN, DISTRIBUCIÓN, ETC.
Lugar de publicación, distribución, etc. Madrid :
Nombre del editor, distribuidor, etc. Jaime Ratés,
Fecha de publicación, distribución, etc. 1913.
300 ## - DESCRIPCIÓN FÍSICA
Extensión 170 p. ;
Dimensiones 20 x 14 cm.
650 04 - PUNTO DE ACCESO ADICIONAL DE MATERIA--TÉRMINO DE MATERIA
Término de materia o nombre geográfico como elemento de entrada Corte y cortesanos-
Subdivisión geográfica España-
Subdivisión cronológica S.XVI.
9 (RLIN) 11383
650 04 - PUNTO DE ACCESO ADICIONAL DE MATERIA--TÉRMINO DE MATERIA
Término de materia o nombre geográfico como elemento de entrada Corte y cortesanos-
Subdivisión geográfica España-
Subdivisión cronológica S.XVII.
9 (RLIN) 11384
650 #4 - PUNTO DE ACCESO ADICIONAL DE MATERIA--TÉRMINO DE MATERIA
Término de materia o nombre geográfico como elemento de entrada Corte y cortesanos-
Subdivisión geográfica España-
Subdivisión cronológica S.XVIII.
9 (RLIN) 161040
650 04 - PUNTO DE ACCESO ADICIONAL DE MATERIA--TÉRMINO DE MATERIA
Término de materia o nombre geográfico como elemento de entrada Ceremonial-
Subdivisión geográfica España.
9 (RLIN) 10909
852 ## - LOCALIZACIÓN
Ubicación ES-MaACL
Número de control de estantería F-6938
Existencias
Estatus retirado Estado de pérdida Estado de daño No para préstamo Biblioteca de origen Biblioteca actual Ubicación en estantería Fecha de adquisición Fuente de adquisición Total de préstamos Signatura topográfica completa Código de barras Visto por última vez Precio de reemplazo Tipo de ítem Koha
        Biblioteca del Ateneo de Madrid Biblioteca del Ateneo de Madrid Depósito 2 17/01/2008     F-6938 1137628 23/02/2023 23/02/2023 Libro impreso